Buenas prácticas para mejorar la educación en América Latina
Esta publicación contiene información sobre nuevas prácticas educativas en diversos países, que han intentado implementar diversas estrategias para mejorar la calidad y equidad de la educación en nuestros países. Más que un simple listado de experiencias, pretende ofrecer antecedentes de iniciativas...
Guardado en:
| Hovedforfatter: | |
|---|---|
| Format: | Texto |
| Udgivet: |
s.l:
San Marino
|
| Fag: | |
| Tags: |
Tilføj Tag
Ingen Tags, Vær først til at tagge denne postø!
|
MARC
| LEADER | 00000 a a2200000 04500 | ||
|---|---|---|---|
| 001 | 32982 | ||
| 003 | |||
| 040 | |a CRAI/IIS |c CRAI/IIS | ||
| 090 | |a 205900 | ||
| 100 | |a Andraca, Ana María De | ||
| 245 | |a Buenas prácticas para mejorar la educación en América Latina | ||
| 260 | |a s.l: |b San Marino | ||
| 300 | |a 268 p. | ||
| 520 | |a Esta publicación contiene información sobre nuevas prácticas educativas en diversos países, que han intentado implementar diversas estrategias para mejorar la calidad y equidad de la educación en nuestros países. Más que un simple listado de experiencias, pretende ofrecer antecedentes de iniciativas educativas, que muestran buenos resultados, y que por ende, pueden constituirse en guías para docentes y directores de establecimientos educacionales | ||
| 650 | |a INNOVACIONES PEDAGOGICAS | ||
| 650 | |a PROYECTOS DE EDUCACION | ||
| 650 | |a ESTUDIOS DE CASOS | ||
| 650 | |a GESTION DE PROGRAMAS | ||
| 650 | |a ACCESO A LA EDUCACION | ||
| 650 | |a CALIDAD DE LA EDUCACION | ||
| 650 | |a EQUIDAD SOCIAL | ||
| 650 | |a TECNICAS DE EVALUACION | ||
| 650 | |a PROYECTOS DE DESARROLLO | ||
| 650 | |a PARTICIPACION COMUNITARIA | ||
| 999 | |c 10896 |d 10896 | ||
